CBS Handbook (Record no. 1752)

MARC details
000 -LEADER
Fixed length control field 00577nam a2200205Ia 4500
003 - CONTROL NUMBER IDENTIFIER
Control field IIN
005 - DATE AND TIME OF LATEST TRANSACTION
Control field 20260105110234.0
008 - FIXED-LENGTH DATA ELEMENTS--GENERAL INFORMATION
Fixed length control field 250428s9999 xx 000 0 und d
020 ## - INTERNATIONAL STANDARD BOOK NUMBER / ISBN
Price Rs.350.00
International Standard Book Number 9789394525030
040 ## - CATALOGING SOURCE
Original cataloging agency IIN
Language of cataloging English
082 ## - DEWEY DECIMAL CLASSIFICATION NUMBER
Classification number 610.73
Book Number SOO
100 1# - MAIN ENTRY--PERSONAL NAME
Personal name Sood, Babita
245 1# - TITLE STATEMENT
Title CBS Handbook
Sub title on Clinical Examination & History Taking a Nursing Approach
Statement of responsibility Babita Sood
250 ## - EDITION STATEMENT
Edition statement 2nd ed
260 ## - IMPRINT
Name of publisher CBS
Place of publication New Delhi
Date of publication 2023
300 ## - PHYSICAL DESCRIPTION
Page / Vol. No lv, 504 p.
650 ## - SUBJECT ADDED ENTRY--TOPICAL TERM
Topical term Medical Surgical
Form subdivision Nursing
650 ## - SUBJECT ADDED ENTRY--TOPICAL TERM
Topical term Nursing
Form subdivision Study and Teaching
942 ## - ADDED ENTRY ELEMENTS (KOHA)
Koha item type Books
Holdings
Withdrawn status Lost status Source of classification Damaged status Not for loan Collection code Home library Current library Shelving location Date acquired Total Checkouts Call number Accession number Date last seen Price effective from Koha item type
    Dewey Decimal Classification   Not For Loan Purches Book IDEAL INSTITUTE OF NURSING IDEAL INSTITUTE OF NURSING General Stacks 11/03/2025   610.73 SOO 1903 28/04/2025 28/04/2025 Books
© Ideal Institute Of Nursing, All rights reserved.         Powered by Koha